000
00294nam a22001337a 4500
008
170419b xxu||||| |||| 00| 0 eng d
020
_a
9781555811426
041
_a
eng
080
_a
579
100
_a
11
101
_a
SHM
245
_a
MILESTONES MICROBIOLOGY
_c
BROCK.TH.D
942
_2
udc
_c
BK
999
_c
11157
_d
11157